[Event "Titled Tue 3rd Jun Early"]
[Site "chess.com INT"]
[Date "2025.06.03"]
[Round "6"]
[White "Gavarrete, Nahun"]
[Black "De Sousa, Antonio Micaias Silva"]
[Result "1-0"]
[WhiteTitle "FM"]
[WhiteElo "2281"]
[BlackElo "2007"]
[WhiteFideId "8400709"]
[BlackFideId "22798528"]
[EventDate "2025.06.03"]

1. e4 c5 2. Nc3 a6 3. a4 Nc6 4. Bc4 e5 5. Nge2 Nf6 6. d3 Be7 7. O-O O-O 8. f4 d6
9. f5 h6 10. h3 Rb8 11. g4 Nd4 12. Nd5 Nxd5 13. Bxd5 Bg5 14. Nxd4 Bxc1 15. Qxc1
cxd4 16. f6 Be6 17. Qd2 Bxd5 18. exd5 g5 19. h4 Qd7 20. Rf5 Kh7 21. hxg5 Rg8 22.
Qh2 Rg6 23. Kf2 Rbg8 24. Rh1 Rh8 25. Qh5 Qxa4 26. b3 Qb4 27. Kg3 Kg8 28. gxh6
Qd2 29. g5 Rhxh6 30. Qxh6 Rxh6 31. Rxh6 Qe1+ 32. Kg4 Qg1+ 33. Kh5 Qh2+ 34. Kg4
Qg2+ 35. Kh4 Qxd5 36. g6 fxg6 37. f7+ Kg7 38. f8=Q# 1-0

[Event "Titled Tue 3rd Jun Early"]
[Site "chess.com INT"]
[Date "2025.06.03"]
[Round "6"]
[White "Sobek, Jaroslav"]
[Black "Wu, Derek"]
[Result "0-1"]
[WhiteTitle "FM"]
[BlackTitle "FM"]
[WhiteElo "2195"]
[BlackElo "2232"]
[WhiteFideId "301388"]
[BlackFideId "30914558"]
[EventDate "2025.06.03"]

1. d4 Nf6 2. c4 e6 3. Bf4 Bb4+ 4. Nd2 O-O 5. a3 Be7 6. e3 b6 7. h3 Bb7 8. Qc2 c5
9. Ngf3 d5 10. cxd5 Nxd5 11. Bg3 Nd7 12. Bd3 N5f6 13. O-O Rc8 14. Qb1 cxd4 15.
Nxd4 Nc5 16. Be2 Nfe4 17. Nxe4 Nxe4 18. Qd1 Nxg3 19. fxg3 Bd6 20. g4 Qg5 21. Qd3
Qe5 22. Nf3 Qg3 0-1

[Event "Titled Tue 3rd Jun Early"]
[Site "chess.com INT"]
[Date "2025.06.03"]
[Round "6"]
[White "Neustroev, Victor"]
[Black "Ndirangu, Nyaruai, Joyce"]
[Result "0-1"]
[WhiteTitle "FM"]
[BlackTitle "WCM"]
[WhiteElo "2283"]
[BlackElo "1933"]
[WhiteFideId "4144147"]
[BlackFideId "10802886"]
[EventDate "2025.06.03"]

1. e4 e5 2. Nf3 Nc6 3. Bc4 Bc5 4. c3 d6 5. O-O Nf6 6. d4 exd4 7. cxd4 Bb6 8. Nc3
O-O 9. Bg5 h6 10. Bh4 Bg4 11. Bxf6 Qxf6 12. Nd5 Qg6 13. Re1 Kh8 14. Nxb6 axb6
15. Be2 Qxe4 16. h3 Bxf3 17. Bxf3 Qxd4 18. Qc2 Qc5 19. Qxc5 bxc5 20. Bxc6 bxc6
21. Re7 Ra7 22. a3 Kg8 23. Rae1 Rb8 24. R1e2 Kf8 25. Kf1 Rab7 26. f4 Rxb2 27.
Rxc7 Rxe2 28. Kxe2 Rb6 29. a4 d5 0-1

[Event "Titled Tue 3rd Jun Early"]
[Site "chess.com INT"]
[Date "2025.06.03"]
[Round "6"]
[White "Galperin, Platon"]
[Black "Ahmad, Khagan"]
[Result "1-0"]
[WhiteTitle "GM"]
[BlackTitle "IM"]
[WhiteElo "2494"]
[BlackElo "2405"]
[WhiteFideId "14165414"]
[BlackFideId "13431552"]
[EventDate "2025.06.03"]

1. d4 Nf6 2. Nf3 g6 3. c4 c5 4. d5 Bg7 5. Nc3 O-O 6. e4 d6 7. Be2 e6 8. Be3 exd5
9. cxd5 Bg4 10. Nd2 Bxe2 11. Qxe2 Re8 12. O-O Nbd7 13. h3 a6 14. a4 Rc8 15. Bf4
Ne5 16. Bh2 Qc7 17. f4 Ned7 18. Nc4 Nb6 19. e5 Nxc4 20. Qxc4 Nd7 21. Rad1 Nb6
22. Qe2 c4 23. Ne4 Nd7 24. Kh1 f5 25. Ng5 dxe5 26. Ne6 exf4 27. Bxf4 Be5 28.
Nxc7 Bxc7 29. Qxe8+ Rxe8 30. Bxc7 Re2 31. Rfe1 Rxb2 32. Re7 Nc5 33. d6 c3 34. d7
Nxd7 35. Rdxd7 c2 36. Rd8# 1-0

[Event "Titled Tue 3rd Jun Early"]
[Site "chess.com INT"]
[Date "2025.06.03"]
[Round "6"]
[White "Tica, Sven"]
[Black "Thorhallsson, Simon"]
[Result "1/2-1/2"]
[WhiteTitle "IM"]
[BlackTitle "FM"]
[WhiteElo "2429"]
[BlackElo "2218"]
[WhiteFideId "14526948"]
[BlackFideId "2310090"]
[EventDate "2025.06.03"]

1. Nf3 g6 2. g3 Bg7 3. Bg2 c5 4. O-O Nc6 5. d3 d6 6. e4 Bd7 7. Re1 Qc8 8. Nbd2
Bh3 9. Bh1 h5 10. Nc4 h4 11. c3 hxg3 12. fxg3 Bg4 13. Ne3 Bh5 14. Qc2 Bxf3 15.
Bxf3 Ne5 16. Bg2 Nf6 17. Rf1 Nfg4 18. h3 Nxe3 19. Bxe3 Rxh3 20. Bxh3 Qxh3 21.
Qg2 Qh5 22. d4 Ng4 23. Rae1 Nxe3 24. Rxe3 cxd4 25. Ref3 Bf6 26. e5 Qxe5 27. Rxf6
exf6 28. Qxb7 Rd8 29. Rf4 Kf8 30. cxd4 Qe3+ 31. Kg2 Kg7 32. Qc7 Rh8 33. Qxd6
Qe2+ 34. Rf2 Qe4+ 35. Rf3 Qe2+ 36. Rf2 Qe4+ 37. Rf3 Qe2+ 38. Rf2 1/2-1/2

[Event "Titled Tue 3rd Jun Early"]
[Site "chess.com INT"]
[Date "2025.06.03"]
[Round "6"]
[White "Dwilewicz, Katarzyna"]
[Black "Nakonechnyi, Oleksii"]
[Result "0-1"]
[WhiteTitle "WFM"]
[BlackTitle "CM"]
[WhiteElo "2207"]
[BlackElo "2224"]
[WhiteFideId "1148486"]
[BlackFideId "34173714"]
[EventDate "2025.06.03"]

1. e4 c5 2. Nc3 Nc6 3. Bb5 Nd4 4. Bc4 g6 5. Nge2 Bg7 6. Nxd4 cxd4 7. Qf3 e6 8.
Nb5 Qb6 9. Qg3 e5 10. d3 a6 11. Na3 Ne7 12. O-O O-O 13. Bb3 Qc7 14. f4 d6 15.
fxe5 dxe5 16. Nc4 b5 17. Nd2 a5 18. a4 bxa4 19. Rxa4 Bd7 20. Ra1 a4 21. Bc4 Nc6
22. Nf3 Qd6 23. Ng5 Nd8 24. Bd5 Ra7 25. Bd2 Ne6 26. Qh4 Nxg5 27. Bxg5 Be6 28.
Bxe6 Qxe6 29. Bf6 h6 30. Rf2 g5 31. Bxg5 hxg5 32. Qxg5 Qg6 33. Qd2 Bh6 34. Qb4
Be3 0-1

[Event "Titled Tue 3rd Jun Early"]
[Site "chess.com INT"]
[Date "2025.06.03"]
[Round "6"]
[White "Radchenko, Alexey"]
[Black "Barwinska, Ewa"]
[Result "1-0"]
[WhiteTitle "FM"]
[BlackTitle "WFM"]
[WhiteElo "2293"]
[BlackElo "2014"]
[WhiteFideId "4192362"]
[BlackFideId "21833761"]
[EventDate "2025.06.03"]

1. e4 c5 2. Nf3 d6 3. c3 Nf6 4. Qc2 Bg4 5. d3 Nc6 6. Be2 d5 7. e5 Nd7 8. d4 Bxf3
9. Bxf3 cxd4 10. e6 Nde5 11. exf7+ Nxf7 12. O-O e5 13. cxd4 Nxd4 14. Qa4+ b5 15.
Qd1 Nxf3+ 16. Qxf3 Bb4 17. a3 Ba5 18. b4 Bc7 19. Nc3 e4 20. Qh5 O-O 21. Rd1 d4
22. Nxe4 Ne5 23. Ng5 h6 24. Ne6 Qf6 25. Nxf8 Rxf8 26. Qe2 Nc4 27. Bb2 Qf4 28. g3
Qf5 29. Bxd4 Rf7 30. Rac1 Kh7 31. a4 1-0

[Event "Titled Tue 3rd Jun Early"]
[Site "chess.com INT"]
[Date "2025.06.03"]
[Round "6"]
[White "Kim, Sergey"]
[Black "Fisabilillah, Ummi"]
[Result "1-0"]
[WhiteTitle "FM"]
[BlackTitle "WIM"]
[WhiteElo "2295"]
[BlackElo "2115"]
[WhiteFideId "13700570"]
[BlackFideId "7104804"]
[EventDate "2025.06.03"]

1. d4 d6 2. c4 Nf6 3. Nc3 Nc6 4. d5 Nb8 5. e4 e5 6. Nge2 g6 7. Ng3 Bg7 8. Be2 a5
9. O-O Na6 10. Be3 O-O 11. Rc1 b6 12. b3 Nc5 13. h3 Bd7 14. Qd2 h5 15. Bg5 Qc8
16. f4 Nh7 17. f5 Nxg5 18. Qxg5 f6 19. Qxg6 Be8 20. Bxh5 Bxg6 21. fxg6 Nd3 22.
Nf5 Qd8 23. g3 Nxc1 24. Rxc1 a4 25. b4 Re8 26. a3 Rc8 27. b5 Ra8 28. Bg4 Qb8 29.
h4 Qa7 30. h5 Qa5 31. Kf2 Rad8 32. Ke3 Rb8 33. Kd3 Qa7 34. Rh1 c6 35. dxc6 d5
36. Nxd5 Rbd8 37. h6 Rxd5+ 38. exd5 e4+ 39. Kc2 Bxh6 40. Rxh6 e3 41. Rh7 e2 42.
Rxa7 e1=Q 43. Nh6+ Kh8 44. Rh7# 1-0

[Event "Titled Tue 3rd Jun Early"]
[Site "chess.com INT"]
[Date "2025.06.03"]
[Round "6"]
[White "Madi, Aidana"]
[Black "Ivashentseva, Dominika"]
[Result "1-0"]
[WhiteTitle "WFM"]
[BlackTitle "WCM"]
[WhiteElo "1855"]
[BlackElo "1921"]
[WhiteFideId "13722689"]
[BlackFideId "34331050"]
[EventDate "2025.06.03"]

1. e4 c5 2. d4 cxd4 3. c3 dxc3 4. Nxc3 e6 5. Nf3 Nc6 6. Bc4 Bb4 7. O-O Nge7 8.
e5 Bxc3 9. bxc3 a6 10. Qe2 b5 11. Bd3 Bb7 12. Bg5 h6 13. Bh4 g5 14. Bg3 Nd5 15.
c4 bxc4 16. Bxc4 Nf4 17. Qd2 Nh5 18. Rab1 Qc7 19. Rfc1 Nxg3 20. hxg3 Rc8 21. Qe2
Qa5 22. Rxb7 Ke7 23. Rd1 Rhd8 24. Qd2 1-0

[Event "Titled Tue 3rd Jun Early"]
[Site "chess.com INT"]
[Date "2025.06.03"]
[Round "6"]
[White "Mujumdar, Sameer"]
[Black "Gelman, Alexander"]
[Result "1/2-1/2"]
[BlackTitle "IM"]
[WhiteElo "2029"]
[BlackElo "2403"]
[WhiteFideId "2029707"]
[BlackFideId "4118316"]
[EventDate "2025.06.03"]

1. d4 Nf6 2. c4 c5 3. d5 b5 4. cxb5 a6 5. bxa6 e6 6. Nc3 exd5 7. Nxd5 Nxa6 8.
Nf3 Nxd5 9. Qxd5 Nc7 10. Qe5+ Ne6 11. g3 Be7 12. Bg2 Bb7 13. O-O Bf6 14. Qf5 Ra7
15. Bd2 O-O 16. Bc3 Bxc3 17. bxc3 Qa8 18. Ng5 Nxg5 19. Bxb7 Qxb7 20. Qxg5 Qc6
21. Rfd1 h6 22. Qd5 Rfa8 23. Qxc6 dxc6 24. Rd2 Ra3 25. Rd6 R8a6 26. Rb1 Ra7 27.
Rxc6 Rxc3 28. Rb2 g6 29. Kg2 Kg7 30. e3 h5 31. h4 c4 32. Rb4 Rxa2 33. Rcxc4 Rxc4
34. Rxc4 Rb2 35. Kf3 Ra2 36. Rc6 Rb2 37. e4 Ra2 38. Rc3 Rb2 39. Ke3 Ra2 40. f3
Rg2 41. Kf4 Ra2 42. g4 hxg4 43. fxg4 Rf2+ 44. Kg3 Rf1 45. e5 Re1 46. Kf4 Rf1+
47. Rf3 Rh1 48. Kg5 Re1 49. Kf4 Rh1 50. Kg5 Re1 51. Kf4 Rh1 1/2-1/2

[Event "Titled Tue 3rd Jun Early"]
[Site "chess.com INT"]
[Date "2025.06.03"]
[Round "6"]
[White "Winkels, Marcel"]
[Black "Sabatier, Mathis"]
[Result "0-1"]
[WhiteTitle "CM"]
[BlackTitle "CM"]
[WhiteElo "1918"]
[BlackElo "2235"]
[WhiteFideId "1003887"]
[BlackFideId "26029685"]
[EventDate "2025.06.03"]

1. e4 e5 2. Nf3 Nc6 3. Bb5 a6 4. Ba4 Nf6 5. O-O Be7 6. Re1 b5 7. Bb3 d6 8. a4 b4
9. c3 O-O 10. d4 bxc3 11. bxc3 Bg4 12. Be3 Rb8 13. Nbd2 exd4 14. cxd4 Nb4 15. a5
d5 16. exd5 Nfxd5 17. Bxd5 Qxd5 18. Qb3 Bxf3 19. gxf3 Qh5 20. Qc4 Bd6 21. f4
Qg4+ 22. Kf1 Bxf4 23. d5 Qh3+ 24. Ke2 Bxe3 25. fxe3 Qxh2+ 26. Kd1 Qh5+ 27. Re2
Nxd5 28. Qc5 Rb5 0-1

[Event "Titled Tue 3rd Jun Early"]
[Site "chess.com INT"]
[Date "2025.06.03"]
[Round "6"]
[White "Kononenko, Dmitry2"]
[Black "Huseynova, Dinara"]
[Result "1/2-1/2"]
[WhiteTitle "FM"]
[BlackTitle "WCM"]
[WhiteElo "2205"]
[BlackElo "1822"]
[WhiteFideId "14113538"]
[BlackFideId "13437313"]
[EventDate "2025.06.03"]

1. e4 c6 2. c4 d5 3. exd5 cxd5 4. cxd5 Nf6 5. Bb5+ Bd7 6. Bc4 b5 7. Bb3 a5 8. a4
bxa4 9. Ba2 Na6 10. d3 Nb4 11. Bc4 Nbxd5 12. Nc3 e6 13. Nf3 Bb4 14. Bd2 O-O 15.
O-O Qc7 16. Rc1 Qb7 17. Nxa4 Bxa4 18. Qxa4 Bxd2 19. Nxd2 Qxb2 20. Ne4 Nxe4 21.
dxe4 Nb6 22. Qa2 Nxc4 23. Qxc4 a4 24. Rb1 Qf6 25. Ra1 a3 26. g3 h6 27. Rfb1 Rfc8
28. Qb3 Qc3 29. Ra2 Ra7 30. h4 Qxb3 31. Rxb3 Rca8 32. Kf1 Ra4 33. f3 g6 34. Ke2
Kg7 35. e5 g5 36. h5 R8a5 37. Kf2 Rxe5 38. Rbxa3 Rxa3 39. Rxa3 Rb5 40. g4 Rb2+
41. Kg3 Kf6 42. Ra7 Rb3 43. Rc7 Ra3 44. Rb7 Rc3 45. Ra7 Rb3 46. Kf2 Rb2+ 47. Kg3
Rb3 1/2-1/2

[Event "Titled Tue 3rd Jun Early"]
[Site "chess.com INT"]
[Date "2025.06.03"]
[Round "6"]
[White "Chaulagain, Purusottam"]
[Black "Daianu, Cristian-Clement"]
[Result "0-1"]
[WhiteTitle "CM"]
[BlackTitle "FM"]
[WhiteElo "1898"]
[BlackElo "2205"]
[WhiteFideId "12300730"]
[BlackFideId "1208926"]
[EventDate "2025.06.03"]

1. d4 f5 2. Nc3 e6 3. h3 Nf6 4. g4 Bb4 5. gxf5 exf5 6. Qd3 d5 7. Bg2 O-O 8. Bg5
c6 9. Nf3 Be6 10. O-O-O Nbd7 11. Ne5 Qa5 12. Nxd7 Bxd7 13. Kb1 Ne4 14. Nxe4 fxe4
15. Qg3 Rf7 16. f3 exf3 17. Bxf3 Bf5 18. Bg4 Raf8 19. Bxf5 Rxf5 20. Rhg1 R8f7
21. c3 Bf8 22. h4 b5 23. h5 b4 24. h6 bxc3 25. Qxc3 Qxc3 26. bxc3 g6 27. e3 Rf2
28. Bf4 Rb7+ 29. Ka1 Rbb2 30. Rgf1 Rxa2+ 31. Kb1 Rfb2+ 32. Kc1 Ba3 33. Bd6 Ra1# 0-1

[Event "Titled Tue 3rd Jun Early"]
[Site "chess.com INT"]
[Date "2025.06.03"]
[Round "6"]
[White "Brenke, Andreas"]
[Black "Elier, Ali"]
[Result "1-0"]
[WhiteTitle "FM"]
[BlackTitle "CM"]
[WhiteElo "2349"]
[BlackElo "2142"]
[WhiteFideId "4602900"]
[BlackFideId "16217543"]
[EventDate "2025.06.03"]

1. d4 Nf6 2. c4 e5 3. dxe5 Ng4 4. e4 Nxe5 5. f4 Ng6 6. Nc3 d6 7. Nf3 f5 8. Bd3
fxe4 9. Bxe4 Nd7 10. Bxg6+ hxg6 11. Qd3 Qe7+ 12. Kf2 Nc5 13. Qxg6+ Kd8 14. Re1
Be6 15. f5 Nd3+ 16. Kf1 Nxe1 17. Bg5 Nxf3 18. Bxe7+ Bxe7 19. Qxe6 Nxh2+ 20. Kg1
Ng4 21. Nd5 Bg5 22. Qf7 Bh4 23. Qxc7+ Ke8 24. Rf1 Rd8 25. Qxg7 Rf8 26. f6 Ne5
27. Qe7# 1-0

[Event "Titled Tue 3rd Jun Early"]
[Site "chess.com INT"]
[Date "2025.06.03"]
[Round "6"]
[White "Silva, Pedro Gil Ferreira Da"]
[Black "Masague Artero, Guerau"]
[Result "0-1"]
[WhiteTitle "FM"]
[BlackTitle "FM"]
[WhiteElo "2262"]
[BlackElo "2326"]
[WhiteFideId "1946102"]
[BlackFideId "32098952"]
[EventDate "2025.06.03"]

1. e4 a6 2. d4 g6 3. Nc3 Bg7 4. f4 b5 5. a3 Bb7 6. Nf3 d6 7. Bd3 Nd7 8. O-O c5
9. d5 Ngf6 10. Qe1 c4 11. Be2 Nc5 12. Bd1 O-O 13. Nd2 Qb6 14. Kh1 a5 15. Bf3
Nfd7 16. Ne2 Ba6 17. Qh4 b4 18. axb4 axb4 19. c3 Nd3 20. Qxe7 N7c5 21. Nd4 Nxc1
22. Raxc1 Nd3 23. Rb1 Bxd4 24. cxd4 Qxd4 25. Qxd6 Nf2+ 26. Rxf2 Qxf2 27. Rd1 c3
28. e5 cxd2 29. h3 Be2 30. Rxd2 Qe1+ 31. Kh2 Qxd2 32. e6 Bxf3 33. exf7+ Rxf7 34.
Qc6 Qxg2# 0-1

[Event "Titled Tue 3rd Jun Early"]
[Site "chess.com INT"]
[Date "2025.06.03"]
[Round "6"]
[White "King, Alexander"]
[Black "Emeliantsev, Anatoliy"]
[Result "1-0"]
[WhiteTitle "FM"]
[BlackTitle "FM"]
[WhiteElo "2263"]
[BlackElo "2359"]
[WhiteFideId "2063620"]
[BlackFideId "4160681"]
[EventDate "2025.06.03"]

1. c4 Nf6 2. Nf3 g6 3. g3 Bg7 4. Bg2 O-O 5. O-O d6 6. Nc3 c5 7. d4 cxd4 8. Nxd4
Nc6 9. Nxc6 bxc6 10. Bxc6 Rb8 11. b3 Bh3 12. Bg2 Bxg2 13. Kxg2 Ne4 14. Nxe4 Bxa1
15. Bh6 Bg7 16. Qd2 Qd7 17. h4 Qc6 18. f3 Rfd8 19. Rd1 Bh8 20. h5 Rd7 21. hxg6
hxg6 22. Rh1 d5 23. Bf8 Rxf8 24. Qh6 1-0

[Event "Titled Tue 3rd Jun Early"]
[Site "chess.com INT"]
[Date "2025.06.03"]
[Round "6"]
[White "Florescu, Codrut-Constantin"]
[Black "Sovetbekova, Nurai"]
[Result "1-0"]
[WhiteTitle "IM"]
[BlackTitle "WFM"]
[WhiteElo "2193"]
[BlackElo "2007"]
[WhiteFideId "1202200"]
[BlackFideId "13801910"]
[EventDate "2025.06.03"]

1. d4 Nf6 2. Nf3 e6 3. c4 d5 4. Nc3 Be7 5. Bf4 O-O 6. e3 b6 7. cxd5 Nxd5 8. Bd3
Nxf4 9. exf4 Bb7 10. O-O Nd7 11. Be4 Bxe4 12. Nxe4 c5 13. Rc1 Rc8 14. Qe2 cxd4
15. Nxd4 Nc5 16. Rfd1 Nxe4 17. Qxe4 Rxc1 18. Rxc1 Bf6 19. Nc6 Qd2 20. Qc2 Qxf4
21. Nxa7 g6 22. g3 Qb4 23. b3 Rd8 24. Nc6 Qd6 25. Nxd8 Bxd8 26. Rd1 Qb8 27. Qc6
Bf6 28. Qd6 Qb7 29. Qd3 Kg7 30. a4 Qc6 31. Qe2 h5 32. h4 Qc3 33. Rd3 Qc1+ 34.
Kg2 Qc6+ 35. Qf3 Qc2 36. Qe4 g5 37. hxg5 Bxg5 38. Qd4+ Bf6 39. Qe3 h4 40. Qf3
hxg3 41. Qg4+ Kf8 42. Rxg3 Qc6+ 43. Qf3 Qc2 44. Qxf6 1-0

[Event "Titled Tue 3rd Jun Early"]
[Site "chess.com INT"]
[Date "2025.06.03"]
[Round "6"]
[White "Deboushnik De"]
[Black "Tyukhanov, Alexey"]
[Result "1-0"]
[WhiteTitle "CM"]
[BlackTitle "CM"]
[WhiteElo "2207"]
[BlackElo "2218"]
[WhiteFideId "25768778"]
[BlackFideId "24149829"]
[EventDate "2025.06.03"]

1. e4 c6 2. d4 d5 3. e5 c5 4. dxc5 Nc6 5. Bb5 e6 6. Be3 Ne7 7. c3 Nf5 8. Bd4 Bd7
9. Bxc6 Bxc6 10. Nf3 Bb5 11. a4 Ba6 12. b4 Bc4 13. Na3 Be7 14. Nxc4 dxc4 15. O-O
O-O 16. Qe2 a5 17. Qxc4 Qc7 18. b5 Rfd8 19. Rfd1 b6 20. c6 Rd5 21. Nd2 Rad8 22.
Ne4 Nxd4 23. cxd4 Qxe5 24. dxe5 Rxd1+ 25. Rxd1 Rxd1+ 26. Qf1 Rxf1+ 27. Kxf1 Bd8
28. Ke2 Bc7 29. Nd6 Kf8 30. Ke3 Ke7 31. Nc4 Bd8 32. Ke4 Bc7 33. f4 Bd8 34. g4
Bc7 35. f5 Bd8 36. Nd6 Bc7 37. Nc8+ Kd8 38. Nd6 Ke7 39. Nc4 Bd8 40. h4 Bc7 41.
g5 Bd8 42. f6+ gxf6 43. gxf6+ Kf8 44. Nd6 Bc7 45. Kf4 Kg8 46. Kg5 Kf8 47. Kh6
Kg8 48. Ne8 Bxe5 49. c7 Bxc7 50. Nxc7 e5 51. Kg5 h6+ 52. Kf5 e4 53. Kxe4 h5 54.
Nd5 1-0

[Event "Titled Tue 3rd Jun Early"]
[Site "chess.com INT"]
[Date "2025.06.03"]
[Round "6"]
[White "Brozynski, Patryk"]
[Black "Fragkos, Vasileios"]
[Result "0-1"]
[WhiteTitle "CM"]
[BlackTitle "CM"]
[WhiteElo "2219"]
[BlackElo "2176"]
[WhiteFideId "2512700"]
[BlackFideId "25832646"]
[EventDate "2025.06.03"]

1. d4 g6 2. Nf3 Bg7 3. c4 c5 4. d5 d6 5. Nc3 Bxc3+ 6. bxc3 f5 7. h4 Nf6 8. e3
Qa5 9. Bb2 Nbd7 10. Be2 Nb6 11. Ng5 Bd7 12. h5 Rg8 13. hxg6 hxg6 14. Kf1 Na4 15.
Qc2 Ne4 16. Nxe4 fxe4 17. Rh7 O-O-O 18. Rxe7 g5 19. Rxe4 g4 20. Rf4 g3 21. fxg3
Rxg3 22. Kf2 Rdg8 23. Bf3 Qd8 24. Rh1 Qg5 25. Rh2 Qe5 26. Rh7 Nb6 27. Qe4 Qg5
28. Rh2 a6 29. Rh5 Rxg2+ 30. Bxg2 Qxh5 31. Qf3 Qh7 32. Qe2 Qh2 33. Qf3 Qh6 34.
Ba3 Kb8 35. Ke2 Ka7 36. Kf2 Qg6 37. Rf6 Qc2+ 38. Qe2 Rxg2+ 39. Kxg2 Qxe2+ 40.
Rf2 Qg4+ 41. Kf1 Nxc4 42. Bc1 Bb5 0-1

[Event "Titled Tue 3rd Jun Early"]
[Site "chess.com INT"]
[Date "2025.06.03"]
[Round "6"]
[White "Mayorau, Mikita1"]
[Black "Perry, Patrick"]
[Result "1-0"]
[WhiteTitle "GM"]
[WhiteElo "2472"]
[BlackElo "2296"]
[WhiteFideId "13501720"]
[BlackFideId "30917727"]
[EventDate "2025.06.03"]

1. e4 Nf6 2. e5 Nd5 3. c4 Nb6 4. d4 d6 5. exd6 cxd6 6. Nc3 g6 7. Be3 Bg7 8. Rc1
O-O 9. b3 Nc6 10. Nf3 e5 11. dxe5 dxe5 12. a4 Qxd1+ 13. Rxd1 Bg4 14. Bxb6 Bxf3
15. gxf3 axb6 16. Nd5 Nd4 17. Rd3 b5 18. cxb5 Rac8 19. Ne7+ Kh8 20. Nxc8 Rxc8
21. Bg2 Rc1+ 22. Rd1 Rc2 23. O-O Bh6 24. Rfe1 f6 25. f4 Bxf4 26. Bxb7 Nxb3 27.
Ba6 Nd2 28. Bb7 f5 29. a5 e4 30. a6 Nf3+ 31. Kg2 Nxe1+ 32. Rxe1 e3 33. a7 Rxf2+
34. Kg1 Bxh2+ 35. Kh1 e2 36. a8=Q+ Kg7 37. Bg2 Bg3 38. Qb7+ Kh6 39. Qe7 Rxg2 40.
Kxg2 Bxe1 41. Qxe2 Bh4 42. b6 g5 43. b7 g4 44. b8=Q Bg5 45. Qf8+ Kh5 46. Qee8+
Kh4 47. Qff7 f4 48. Qh5# 1-0

[Event "Titled Tue 3rd Jun Early"]
[Site "chess.com INT"]
[Date "2025.06.03"]
[Round "6"]
[White "Fedorov, Artem Alek"]
[Black "Carlsson, Ludvig"]
[Result "0-1"]
[WhiteTitle "CM"]
[BlackTitle "IM"]
[WhiteElo "2198"]
[BlackElo "2374"]
[WhiteFideId "34418431"]
[BlackFideId "1727010"]
[EventDate "2025.06.03"]

1. e4 e5 2. Nf3 Nf6 3. Nxe5 d6 4. Nf3 Nxe4 5. d4 d5 6. Bd3 Bd6 7. c4 c6 8. Nc3
Nxc3 9. bxc3 dxc4 10. Bxc4 O-O 11. O-O Bf5 12. Bg5 Qa5 13. Nh4 Be6 14. Bxe6 Qxg5
15. Nf3 Qa5 16. Qb3 Qc7 17. Bc4 b5 18. Bd3 Nd7 19. g3 g6 20. Kg2 Kg7 21. Rae1
Rae8 22. Ng5 Nb6 23. Ne4 a6 24. h4 c5 25. Qb1 h5 26. Qc1 cxd4 27. cxd4 Re6 28.
Qg5 Be7 29. Qd2 Rd8 30. Bb1 Qc4 31. Rd1 Qd5 32. f3 Nc4 33. Qf2 Bb4 34. Rd3 Rde8
35. Rfd1 f5 36. Rb3 fxe4 37. fxe4 Rxe4 38. Bxe4 Qxe4+ 39. Kh2 Bd6 40. Rf3 Qxh4+
41. Kg2 Qe4 42. Kh2 Ne3 43. Re1 Ng4+ 44. Kg2 Nxf2 0-1

[Event "Titled Tue 3rd Jun Early"]
[Site "chess.com INT"]
[Date "2025.06.03"]
[Round "6"]
[White "Tilahun, Abel Mathewos"]
[Black "Hrabinska, Myroslava"]
[Result "1-0"]
[WhiteTitle "CM"]
[BlackTitle "WGM"]
[WhiteElo "1944"]
[BlackElo "2121"]
[WhiteFideId "15702391"]
[BlackFideId "14109190"]
[EventDate "2025.06.03"]

1. d4 d5 2. c4 e6 3. Nf3 Nf6 4. Nc3 Be7 5. Bf4 b6 6. cxd5 Nxd5 7. Nxd5 Qxd5 8.
a3 c5 9. e3 O-O 10. Be2 Bb7 11. O-O Nd7 12. Rc1 cxd4 13. Qxd4 Rac8 14. Qxd5 Bxd5
15. Ba6 Rxc1 16. Rxc1 Bxf3 17. gxf3 e5 18. Rc7 Rd8 19. Bxe5 Nxe5 20. Rxe7 Nxf3+
21. Kg2 Nh4+ 22. Kh3 Ng6 23. Rxa7 Rd2 24. Kg3 Rxb2 25. Bc4 h5 26. Bxf7+ Kh7 27.
a4 h4+ 28. Kg2 Ne5 29. Bd5 Ng4 30. Rf7 Nf6 31. Bc4 Kg6 32. Rb7 Rb4 33. Bd3+ Kh6
34. Bb5 Ne4 35. Rxb6+ Kg5 36. f4+ Kf5 37. Bd7# 1-0

[Event "Titled Tue 3rd Jun Early"]
[Site "chess.com INT"]
[Date "2025.06.03"]
[Round "6"]
[White "Gadzhiev, Ruslan"]
[Black "Laddha, Shubh Jayesh"]
[Result "1-0"]
[WhiteTitle "CM"]
[BlackTitle "FM"]
[WhiteElo "2169"]
[BlackElo "2303"]
[WhiteFideId "55671926"]
[BlackFideId "30942799"]
[EventDate "2025.06.03"]

1. e4 c5 2. Nf3 d6 3. d4 cxd4 4. Nxd4 Nf6 5. Nc3 g6 6. Bc4 Bg7 7. Bb3 Nc6 8. f3
O-O 9. Be3 Bd7 10. Qd2 Rc8 11. O-O Ne5 12. Qf2 Nc4 13. Bxc4 Rxc4 14. Nb3 a6 15.
Rad1 Qc7 16. Bb6 Qc8 17. Bd4 b5 18. a3 Qb8 19. Rfe1 Be6 20. Rd2 Rd8 21. Rde2 b4
22. axb4 Rxb4 23. e5 dxe5 24. Bxe5 Qb7 25. Nc5 Qc6 26. Nxe6 fxe6 27. b3 Rc8 28.
Nd1 a5 29. Bc3 Rb5 30. Rxe6 Qc5 31. Rxe7 Qxf2+ 32. Kxf2 Rbc5 33. Rxg7+ Kxg7 34.
Re7+ Kg8 35. Bxf6 Rxc2+ 36. Kg3 Rd2 37. Ne3 Rd3 38. Ng4 Rxb3 39. Rg7+ Kf8 40.
Rxh7 Rc5 41. Ne5 1-0

[Event "Titled Tue 3rd Jun Early"]
[Site "chess.com INT"]
[Date "2025.06.03"]
[Round "6"]
[White "Sakun, Volodymyr"]
[Black "Guerra Tulcan, Lenin"]
[Result "1-0"]
[WhiteTitle "FM"]
[BlackTitle "IM"]
[WhiteElo "2301"]
[BlackElo "2310"]
[WhiteFideId "14114062"]
[BlackFideId "3601382"]
[EventDate "2025.06.03"]

1. d4 e6 2. Nf3 c5 3. e3 cxd4 4. exd4 b6 5. Bd3 Bb7 6. c4 Nf6 7. Nc3 d6 8. O-O
Nbd7 9. Re1 Be7 10. Bf4 a6 11. d5 e5 12. Bd2 O-O 13. b4 b5 14. cxb5 axb5 15.
Bxb5 Nxd5 16. Nxd5 Bxd5 17. a4 Nf6 18. Bf1 Qb8 19. b5 Qb7 20. a5 Bd8 21. b6 Ne4
22. Be3 Nc3 23. Qd2 Bxf3 24. Qxc3 Bd5 25. a6 Qd7 26. b7 Bxb7 27. axb7 Qxb7 28.
Reb1 Qd5 29. Bc4 Rxa1 30. Rxa1 Qe4 31. Rd1 Be7 32. Bd5 Qg6 33. Qc7 Bd8 34. Qd7
Bh4 35. Rc1 Bg5 36. Bxg5 Qxg5 37. Qxf7+ Rxf7 38. Rc8+ Qd8 39. Rxd8# 1-0